000 01227nam a22002537a 4500
005 20080822141811.0
008 080822t xxu||||| |||| 00| 0 hin d
010 _aHIN-84024
020 _a8182270065
_c160.00
035 _aHN-56370
037 _aDBAD / PUB
040 _aDPL
_bHN
082 _a820.8
100 _aराय, विवेकी
245 _aसवालों के सामनेः
_b(साक्षात्कारों का संकलन) /
_cविवेकी राय
246 _aSavaalon ke saamane
_bby Viveki Ray
260 _aइलाहाबाद
_bअनिल प्रकाशन
_c2007
270 _a189ए/1 अलोपीबाग कालोनी
_bइलाहाबाद
300 _a160पृ
_bसचित्र
_c22सेमी (सजिल्द)
650 _aहिन्दी साहित्य
_xइतिहास एवं समालोचना
650 _aHindi literature
_xHistory and criticism
942 _2ddc
_cHN
_kरायवि
_m820.8
999 _c14980
_d14980